Ecology : Concepts and applications

Zapisane w:
Opis bibliograficzny
1. autor: Molles , Manuel C.
Format: Książka
Język:Undetermined
Wydane: New York Mc Graw Hill 2005
Hasła przedmiotowe:
Etykiety: Dodaj etykietę
Nie ma etykietki, Dołącz pierwszą etykiete!
Thư viện lưu trữ: Trung tâm Học liệu Trường Đại học Cần Thơ
LEADER 00511nam a2200205Ia 4500
001 CTU_88252
008 210402s9999 xx 000 0 und d
020 |c 416000 
082 |a 577 
082 |b M726 
100 |a Molles , Manuel C. 
245 0 |a Ecology : 
245 0 |b Concepts and applications 
245 0 |c Manuel C. Molles 
260 |a New York 
260 |b Mc Graw Hill 
260 |c 2005 
650 |a Ecology 
904 |i Giang,Hải 
980 |a Trung tâm Học liệu Trường Đại học Cần Thơ